000 00885cam a2200277 i 4500
999 _c19365
_d19365
001 1816607
003 BDDh-ASL
005 20231015025758.0
008 800102s1976 ko af 000 0beng
010 _a 79322229
040 _aDLC
_cDLC
_dBDDh-ASL
041 1 _aeng
_hjpn
043 _aa-kn---
050 0 0 _aDS934.6.K5
_bT3513
082 0 0 _a951.9304
_aB
_bTAK
100 1 _aTakagi, Takeo,
_d1905-
240 1 0 _aKimu Iruson monogatari.
_lEnglish
245 1 0 _aKim Il Sung, master of leadership /
_cTakagi Takeo.
260 _aPyongyang, Korea :
_bForeign Languages Pub. House,
_c1976.
300 _a240 p., [4] leaves of plates :
_bill. ;
_c19 cm.
500 _aTranslation of Kimu Iruson monogatari.
600 1 0 _aKim, Il-sŏng,
_d1912-1994.
650 0 _aHeads of state
_zKorea (North)
_vBiography.
906 _a7
_bcbc
_corignew
_d4
_encip
_f19
_gy-gencatlg
942 _2ddc
_cBK